| 000 | 00475cam a2200181 4500 | ||
|---|---|---|---|
| 008 | 090401t1972 xxu||||| |||| 00| 0 eng d | ||
| 020 | _a0900361387 | ||
| 035 | _a(Sirsi) u11408 | ||
| 041 | _aeng | ||
| 050 | _a519.5024526 | ||
| 100 | _aHutchinson, Barry Dean et al | ||
| 245 | _aBasic statistics for surveyors | ||
| 260 |
_aLondon _bEstates Gazette _c1972 |
||
| 300 | _a(6). 74p. ill. 22cm. pbk. bibl. p.73. index | ||
| 350 | _a1 | ||
| 942 | _n0 | ||
| 948 | _c04/03/1997 | ||
| 999 |
_c86861 _d86861 |
||